000 00569nam a2200193Ia 4500
005 20250508154920.0
008 008 250505s9999 xx 000 0 eng d
037 _aTextual
040 _aFEDL
_beng
_cFEDL
041 _aeng
_2eng
084 _a371, STO
_qFEDL
100 _aStoren Helen F
_9766384
245 0 _aDisadvantaged early adolescent : More effective teaching
260 _aNew York, USA
_bMcGraw-Hill Book Company
300 _a117p.
490 _aMcGraw-Hill Series In Education
942 _cTEXL
_h371, STO
999 _c1352794
_d1352794